| 000 | 00963nam a22002657a 4500 | ||
|---|---|---|---|
| 005 | 20100610112845.0 | ||
| 008 | 100610t xxu||||| |||| 00| 0 eng d | ||
| 010 | _aENG-96330 | ||
| 020 |
_a9789380283999 _c295.00 |
||
| 035 | _aEN-79863 | ||
| 037 | _bDBAD/PUB | ||
| 040 |
_aDPL _bEng |
||
| 082 | _aS | ||
| 100 | _aCanfield, Jack | ||
| 245 |
_aChicken soup for the soul : _bthe wisdom of dads : loving stories about fathers and being a father / _cby Jack Canfield, Mark Victor Hansen [and] Amy Newmark |
||
| 260 |
_aNew Delhi _c2009 _bwestland |
||
| 270 |
_a47, Brij Mohan Road, Daryaganj _bNew Delhi _e110002 |
||
| 300 |
_axii, 365p. : _c22 cm. (Pbk) _bill. |
||
| 700 |
_aHansen, Mark Victor _9865 |
||
| 700 |
_aNewmark, Amy _91026 |
||
| 700 |
_aNewmark, Amy _91026 |
||
| 700 |
_aBharadia, Raksha _921740 |
||
| 942 |
_2ddc _cEN _mCAN _hS |
||
| 999 |
_c36665 _d36665 |
||